| 000 | 00345 a2200133 4500 | ||
|---|---|---|---|
| 245 |
_aEmpire of the Sun _hprint |
||
| 020 | _a0586064303 | ||
| 700 | _aBallard, J. G. | ||
| 650 | _aEnglish Novel | ||
| 005 | 20191017172555.0 | ||
| 260 |
_aenk _bGrafton Books _c1984 |
||
| 084 | _aPR6052.A46 E45x 1984b | ||
| 300 |
_a278 p. _b 24 cm. _c278 p. ; 24 cm. |
||
| 500 | _aJ.G. Ballard. | ||
| 999 |
_c9074 _d9074 |
||